Advances in Production Management Systems. Sustainable Production and Service Supply Chains IFIP WG 5.7 International Conference, APMS 2013, State College, PA, USA, September 9-12, 2013, Proceedings, Part I /

The two volumes IFIP AICT 414 and 415 constitute the refereed proceedings of the International IFIP WG 5.7 Conference on Advances in Production Management Systems, APMS 2013, held in University Park, PA, USA, in September 2013. The 133 revised full papers were carefully reviewed and selected for inc...

Full description

Bibliographic Details
Corporate Author: SpringerLink (Online service)
Other Authors: Prabhu, Vittal (Editor), Taisch, Marco (Editor), Kiritsis, Dimitris (Editor)
Format: Electronic eBook
Language:English
Published: Berlin, Heidelberg : Springer Berlin Heidelberg : Imprint: Springer, 2013.
Series:IFIP Advances in Information and Communication Technology, 414
Subjects:
Online Access:Full Text via HEAL-Link
LEADER 02695nam a22005295i 4500
001 978-3-642-41266-0
003 DE-He213
005 20151204143802.0
007 cr nn 008mamaa
008 130905s2013 gw | s |||| 0|eng d
020 |a 9783642412660  |9 978-3-642-41266-0 
024 7 |a 10.1007/978-3-642-41266-0  |2 doi 
040 |d GrThAP 
050 4 |a TA345-345.5 
072 7 |a UGC  |2 bicssc 
072 7 |a COM007000  |2 bisacsh 
082 0 4 |a 620.00420285  |2 23 
245 1 0 |a Advances in Production Management Systems. Sustainable Production and Service Supply Chains  |h [electronic resource] :  |b IFIP WG 5.7 International Conference, APMS 2013, State College, PA, USA, September 9-12, 2013, Proceedings, Part I /  |c edited by Vittal Prabhu, Marco Taisch, Dimitris Kiritsis. 
264 1 |a Berlin, Heidelberg :  |b Springer Berlin Heidelberg :  |b Imprint: Springer,  |c 2013. 
300 |a XXIV, 516 p. 187 illus.  |b online resource. 
336 |a text  |b txt  |2 rdacontent 
337 |a computer  |b c  |2 rdamedia 
338 |a online resource  |b cr  |2 rdacarrier 
347 |a text file  |b PDF  |2 rda 
490 1 |a IFIP Advances in Information and Communication Technology,  |x 1868-4238 ;  |v 414 
505 0 |a Sustainable production -- Sustainable supply chains -- Sustainable services -- ICT and emerging technologies. 
520 |a The two volumes IFIP AICT 414 and 415 constitute the refereed proceedings of the International IFIP WG 5.7 Conference on Advances in Production Management Systems, APMS 2013, held in University Park, PA, USA, in September 2013. The 133 revised full papers were carefully reviewed and selected for inclusion in the two volumes. They are organized in 4 parts: sustainable production, sustainable supply chains, sustainable services, and ICT and emerging technologies. 
650 0 |a Computer science. 
650 0 |a Information technology. 
650 0 |a Business  |x Data processing. 
650 0 |a Application software. 
650 0 |a Computer-aided engineering. 
650 1 4 |a Computer Science. 
650 2 4 |a Computer-Aided Engineering (CAD, CAE) and Design. 
650 2 4 |a Information Systems Applications (incl. Internet). 
650 2 4 |a IT in Business. 
650 2 4 |a Computer Applications. 
700 1 |a Prabhu, Vittal.  |e editor. 
700 1 |a Taisch, Marco.  |e editor. 
700 1 |a Kiritsis, Dimitris.  |e editor. 
710 2 |a SpringerLink (Online service) 
773 0 |t Springer eBooks 
776 0 8 |i Printed edition:  |z 9783642412653 
830 0 |a IFIP Advances in Information and Communication Technology,  |x 1868-4238 ;  |v 414 
856 4 0 |u http://dx.doi.org/10.1007/978-3-642-41266-0  |z Full Text via HEAL-Link 
912 |a ZDB-2-SCS 
950 |a Computer Science (Springer-11645)